Tất cả các dòng sông đều chảy

Nguyên bản: All the rivers run

সংরক্ষণ করুন:
গ্রন্থ-পঞ্জীর বিবরন
প্রধান লেখক: Cato, Nancy
অন্যান্য লেখক: Trương, Võ Anh Giang
বিন্যাস: গ্রন্থ
ভাষা:Undetermined
প্রকাশিত: H. Văn học 2012
বিষয়গুলি:
অনলাইন ব্যবহার করুন:http://lrc.tdmu.edu.vn/opac/search/detail.asp?aID=2&ID=22748
ট্যাগগুলো: ট্যাগ যুক্ত করুন
কোনো ট্যাগ নেই, প্রথমজন হিসাবে ট্যাগ করুন!
Thư viện lưu trữ: Trung tâm Học liệu Trường Đại học Thủ Dầu Một
LEADER 00725nam a2200217Ia 4500
001 TDMU_22748
008 210410s9999 xx 000 0 und d
082 |a 823 
090 |b C110 
100 |a Cato, Nancy 
245 0 |a Tất cả các dòng sông đều chảy 
245 0 |c Nancy Cato; Trương Võ Anh Giang, Anh Trần (dịch) 
260 |a H. 
260 |b Văn học 
260 |c 2012 
300 |a 504 tr. 
520 |a Nguyên bản: All the rivers run 
650 |a Tiểu thuyết  |z Anh; Văn học Anh 
700 |a Trương, Võ Anh Giang 
856 |u http://lrc.tdmu.edu.vn/opac/search/detail.asp?aID=2&ID=22748 
980 |a Trung tâm Học liệu Trường Đại học Thủ Dầu Một